01146cam a22003374a 450000100090000000300040000900500170001300800410003001000170007102000150008802000220010304000180012504200140014305000240015708200190018110000250020024500400022525000210026526000390028630000320032544000620035752100070041952600080042665000590043465000270049385600890052090600450060994200200065499900170067495201170069112064449OSt20140310184454.0000619s2001 nyua b 001 0ceng  a 00055550  a0789473844 a0789473836 (pbk.) aDLCcDLCdDLC apccalcac00aPZ 7b.St783d9 200100aKF bSt2d 20011 aChrisp, Peter.9510210aDinosaur detectives /cPeter Chrisp a1st American ed. aNew York :bScholastic Inc.c2001. a84p. :bcol. ill. ;c23 cm. 0aDorling Kindersley readers.n4,pProficient readers95103 aG2 c310 0aPaleontologistsvBiographyvJuvenile literature.95104 1aPaleontologists.95101423Publisher descriptionuhttp://www.loc.gov/catdir/enhancements/fy0721/00055550-d.html a7bcbccorignewd1eocipf20gy-gencatlg 2lcccBK-SCHOLAS c34637d34637 00102lcc40aLUXbLUXcSCHOd2013-10-11l0oPZ 7 .St783d9 2001pLEX1996r2017-04-18 00:00:00t2w2013-10-11yBK